000 00304nam a22001337a 4500
008 180921b xxu||||| |||| 00| 0 eng d
020 _a0126588503
041 _aeng
080 _a616
100 _a9
101 _aPAT
245 _aCleft Palate and Communication
_cSpriesterbach, D.C
942 _2udc
_cBK
999 _c48220
_d48220